01482nam a22001217a 4500008004100000100001900041245005800060260004400118300003400162520097300196650014701169773004401316210209b ||||| |||| 00| 0 eng d aRodgers, Gerry aLabour and employment in India: A 50-Year perspective aThe Indian Journal of Labour Economics  a 63(1), Jan-Mar, 2020: p.1-19 aThis article reviews changes in knowledge and thinking about labour and employment issues in India, on the basis of the author’s experience over the last 50 years. It examines six issues: employment deficits; the mode of production; labour institutions and labour market segmentation; wages; the quality of work; and poverty and inequality. In each case there is a brief overview of the history of research into and perceptions of these issues, followed by comments on some key outstanding questions today. The article then draws on the views of some leading participants in the Indian Society of Labour Economics to identify the highest priorities for research and policy in the coming years, concluding that the central issue is the quantity and quality of employment, and the social and economic processes that drive employment patterns, but that new approaches need to be developed if India’s employment problems are to be adequately addressed. – Reproduced  aEmployment, Labour markets, Labour institutions, Mode of production, Poverty, Inequality, Quality of work, Wages, History of economic thought  aThe Indian Journal of Labour Economics